[Event "44th Sparkassen Open"]
[Site "Dortmund GER"]
[Date "2016.07.16"]
[Round "8.22"]
[White "Jelica, Mara"]
[Black "von Bargen, Lukas"]
[Result "1-0"]
[WhiteTitle "WIM"]
[WhiteElo "2129"]
[BlackElo "1964"]
[WhiteFideId "14504111"]
[BlackFideId "12946141"]
[EventDate "2016.07.09"]

1. b3 e5 2. Bb2 Nc6 3. Nf3 Bd6 4. Nc3 Nf6 5. Nb5 Bc5 6. d4 exd4 7. Nbxd4 O-O 8.
e3 d6 9. Nxc6 bxc6 10. Bd3 Bg4 11. h3 Bh5 12. g4 Bg6 13. Bxg6 hxg6 14. Qd3 Qe7
15. O-O-O Ne4 16. Rdf1 a5 17. a4 d5 18. Kb1 Rab8 19. h4 Ba3 20. Ba1 Nc5 21. Qd4
f6 22. Bc3 Bb4 23. Ka2 Bxc3 24. Qxc3 Ne4 25. Qxc6 Rfd8 26. Qa6 Nc3+ 27. Kb2
Nxa4+ 28. Kc1 Qa3+ 29. Kd2 Qb4+ 30. Kc1 Rb6 31. Qd3 Qa3+ 32. Kd2 Nc5 33. Qxg6
Ne4+ 34. Ke2 Nc3+ 35. Kd3 Qb4 36. Nd4 Ne4 37. Ke2 f5 38. Ne6 Nc3+ 39. Kd3 Qe4+
40. Kxc3 Rc6+ 41. Kb2 Rxc2+ 42. Ka1 Qe5+ 43. Nd4 1-0

[Event "44th Sparkassen Open"]
[Site "Dortmund GER"]
[Date "2016.07.16"]
[Round "8.23"]
[White "Kueppers, Timo"]
[Black "Sicars, Thorsten"]
[Result "1-0"]
[WhiteElo "1967"]
[BlackElo "2066"]
[WhiteFideId "16205820"]
[BlackFideId "12904090"]
[EventDate "2016.07.09"]

1. e4 c6 2. d4 d5 3. Nc3 dxe4 4. Nxe4 Bf5 5. Ng3 Bg6 6. h4 h6 7. Nf3 Nd7 8. h5
Bh7 9. Bd3 Bxd3 10. Qxd3 e6 11. Bd2 Qc7 12. O-O-O Ngf6 13. Kb1 O-O-O 14. c4 c5
15. Qc2 cxd4 16. Nxd4 a6 17. Nge2 Bd6 18. b4 Ng4 19. Be1 Nde5 20. c5 Be7 21. Rh3
Nc6 22. Rg3 Nxd4 23. Nxd4 f5 24. Rgd3 Qe5 25. c6 Qd5 26. cxb7+ Kxb7 27. Nb3 Qb5
28. a4 Qe8 29. Na5+ Kb6 30. Rxd8 Qxd8 31. Qc6+ Ka7 32. Qb7# 1-0

[Event "44th Sparkassen Open"]
[Site "Dortmund GER"]
[Date "2016.07.16"]
[Round "8.24"]
[White "Stemmler, Fabian"]
[Black "Huhs, Sven"]
[Result "1/2-1/2"]
[WhiteElo "1931"]
[BlackElo "2034"]
[WhiteFideId "12964808"]
[BlackFideId "24669130"]
[EventDate "2016.07.09"]

1. d4 Nf6 2. Nf3 g6 3. Nc3 d5 4. Bf4 Bg7 5. e3 Bg4 6. Be2 O-O 7. h3 Bxf3 8. Bxf3
c6 9. O-O Nbd7 10. Ne2 Re8 11. Rc1 e5 12. dxe5 Nxe5 13. Bxe5 Rxe5 14. c4 dxc4
15. Rxc4 Qb6 1/2-1/2

[Event "44th Sparkassen Open"]
[Site "Dortmund GER"]
[Date "2016.07.16"]
[Round "8.25"]
[White "Kuechle, Wolfgang"]
[Black "Schuelke, Tilman"]
[Result "1-0"]
[WhiteElo "2030"]
[BlackElo "1923"]
[WhiteFideId "24628581"]
[BlackFideId "4647475"]
[EventDate "2016.07.09"]

1. c4 b6 2. Nc3 e6 3. e4 d6 4. d4 h6 5. Be3 g6 6. Nf3 Nd7 7. d5 e5 8. g4 Ne7 9.
h4 Bg7 10. Rg1 O-O 11. Be2 Kh8 12. Qd2 Ng8 13. O-O-O a6 14. Ne1 Rb8 15. Nd3 a5
16. Nb5 Ra8 17. Rh1 Nc5 18. Nxc5 bxc5 19. a4 f5 20. gxf5 gxf5 21. exf5 Bxf5 22.
Rdg1 Rf7 23. Bh5 Rd7 24. Bg6 Qf6 25. Bxf5 Qxf5 26. h5 Kh7 27. Rh4 Re7 28. Rg6 e4
29. Kc2 Qf8 30. Rf4 Qe8 31. Kc1 Rf7 32. Re6 Qf8 33. Nxc7 Rxf4 34. Bxf4 Rd8 35.
Rxe4 Qf7 36. Ne6 Rd7 37. Nxg7 Qxg7 38. Re6 Qg1+ 39. Kc2 Qa1 40. Qd3+ Kh8 41.
Qc3+ Kh7 42. Bxd6 Qxa4+ 43. Kc1 Qa1+ 44. Kd2 Rxd6 45. Rxd6 1-0

[Event "44th Sparkassen Open"]
[Site "Dortmund GER"]
[Date "2016.07.16"]
[Round "8.26"]
[White "Tayyar, Alptug"]
[Black "Wastian, Jan"]
[Result "1/2-1/2"]
[WhiteElo "2037"]
[BlackElo "1877"]
[WhiteFideId "12993450"]
[BlackFideId "12911640"]
[EventDate "2016.07.09"]

1. e4 c6 2. d4 d5 3. Nd2 dxe4 4. Nxe4 Nd7 5. Ng5 Ngf6 6. Bd3 e6 7. N1f3 Bd6 8.
Qe2 h6 9. Ne4 Nxe4 10. Qxe4 Qc7 11. Bd2 b6 12. O-O-O Bb7 13. Qg4 Kf8 14. Rhe1
Nf6 15. Qh3 c5 16. dxc5 bxc5 17. Qh4 Nd5 18. Ng5 Nf4 19. Bc4 Re8 20. Bc3 Ng6 21.
Qh5 hxg5 22. Qg4 Rh4 23. Qe2 Nf4 24. Qd2 Nd5 25. Bxg7+ Kg8 26. g3 Rh5 1/2-1/2

[Event "44th Sparkassen Open"]
[Site "Dortmund GER"]
[Date "2016.07.16"]
[Round "8.27"]
[White "Schimnatkowski, Lukas"]
[Black "Maniocha, Marek"]
[Result "0-1"]
[WhiteElo "2030"]
[BlackElo "1982"]
[WhiteFideId "12936723"]
[BlackFideId "4636821"]
[EventDate "2016.07.09"]

1. e4 c5 2. b3 Nc6 3. Bb2 e5 4. g3 d6 5. Bg2 Nf6 6. Ne2 Be7 7. O-O O-O 8. Na3
Be6 9. d3 Qd7 10. Nc4 Bh3 11. Qd2 Bxg2 12. Kxg2 b5 13. Ne3 d5 14. exd5 Nxd5 15.
Nc3 Nxc3 16. Bxc3 Nd4 17. a4 a6 18. Bxd4 cxd4 19. Nd1 Rac8 20. Re1 Qd5+ 21. Kg1
Bd6 22. axb5 axb5 23. Ra6 Ra8 24. Rxa8 Rxa8 25. c4 Qb7 26. c5 Bxc5 27. Rxe5 Bd6
28. Re4 Qd5 29. Qb2 Be5 30. b4 f5 31. Re2 Bf6 32. Qd2 Ra1 33. Re1 h6 34. Nb2 Ra2
35. Re8+ Kf7 36. Re2 Qb3 37. Qc1 Kg8 38. h4 Kh7 39. Re8 Rxb2 40. Qc8 Rb1+ 41.
Kh2 Qd5 42. g4 Be5+ 0-1

[Event "44th Sparkassen Open"]
[Site "Dortmund GER"]
[Date "2016.07.16"]
[Round "8.28"]
[White "Hartung, Thomas2"]
[Black "Schmitz, Edgar"]
[Result "1-0"]
[WhiteElo "2018"]
[BlackElo "1981"]
[WhiteFideId "4639146"]
[BlackFideId "24675270"]
[EventDate "2016.07.09"]

1. e4 e5 2. Nf3 d6 3. Bc4 Nf6 4. Nc3 Be7 5. d3 c6 6. Bb3 O-O 7. h3 b5 8. a3 Nbd7
9. g4 Nc5 10. g5 Ne8 11. Be3 Nxb3 12. cxb3 Be6 13. Ke2 Qd7 14. Rh2 Kh8 15. d4
exd4 16. Nxd4 f5 17. f4 Nc7 18. Qc2 Rae8 19. Rd1 fxe4 20. Qxe4 Bd5 21. Qd3 a6
22. Kd2 c5 23. Ndxb5 Bxb3 24. Nxc7 Qxc7 25. Nd5 Qb7 26. Nxe7 Rxe7 27. Re1 Rfe8
28. f5 Bd5 29. Qc3 Re5 30. f6 Qf7 31. fxg7+ Qxg7 32. h4 Bf7 33. h5 Kg8 34. g6
hxg6 35. hxg6 Bxg6 36. Qc4+ Qf7 37. Qh4 Qd5+ 38. Kc1 Qe4 39. Qh8+ Kf7 40. Rf2+
Ke6 41. Qh3+ Kd5 42. Qf3 Bh5 43. Qf6 Kc6 44. Rd2 R5e6 45. Qf1 Kb7 46. Bf2 Qf5
47. Rxe6 Rxe6 48. Qg2+ Bf3 49. Qg7+ Kb6 50. b4 Qf4 51. bxc5+ dxc5 52. Bg3 Qc4+
53. Rc2 Qf1+ 54. Kb2 Rc6 55. Qe5 Bd1 56. Qb8+ Ka5 57. Bc7+ Rxc7 58. Qxc7+ Ka4
59. Rxc5 Qe2+ 60. Kc1 Kxa3 61. Qa5+ 1-0

[Event "44th Sparkassen Open"]
[Site "Dortmund GER"]
[Date "2016.07.16"]
[Round "8.29"]
[White "Knudsen, Martin"]
[Black "Klueting, Reiner"]
[Result "1-0"]
[WhiteElo "2018"]
[BlackElo "1907"]
[WhiteFideId "1406523"]
[BlackFideId "4644760"]
[EventDate "2016.07.09"]

1. d4 Nf6 2. c4 e5 3. dxe5 Ng4 4. Nf3 Bc5 5. e3 Nc6 6. Be2 O-O 7. Bd2 a5 8. O-O
Re8 9. Qe1 b6 10. Nc3 Bb7 11. a3 Ncxe5 12. Nxe5 Nxe5 13. Nd5 Bd6 14. g3 c6 15.
Nf4 Qe7 16. Bc3 Ba6 17. b3 a4 18. Qd1 f6 19. Bb4 Bxb4 20. axb4 axb3 21. b5 Bb7
22. bxc6 Rxa1 23. Qxa1 Bxc6 24. Qc3 Nf3+ 25. Bxf3 Bxf3 26. Qxb3 Qf7 27. Rc1 g5
28. Nd3 Qe6 29. Ne1 Ba8 30. Qd3 Kg7 31. Qd4 h5 32. Rb1 Qc6 33. f3 Qc5 34. Qxc5
bxc5 35. Kf2 Rc8 36. Nd3 d5 37. Rc1 dxc4 38. Rxc4 Rd8 39. Nc1 Rc8 40. e4 g4 41.
fxg4 hxg4 42. Ke3 Rh8 43. Nd3 Rxh2 44. Kf4 Kg6 45. Kxg4 Ra2 46. Kf4 Rd2 47. Nxc5
Rf2+ 48. Ke3 Rg2 49. Kf3 Ra2 50. Ke3 Rg2 51. Kf3 Ra2 52. g4 Ra1 53. Ne6 Rf1+ 54.
Ke3 Re1+ 55. Kd3 Rd1+ 56. Ke2 Rg1 57. Nf4+ Kh6 58. Kf3 Rf1+ 59. Kg3 Re1 60. Nd5
Rg1+ 61. Kf3 Kg6 62. Ne3 Ra1 63. Rb4 Ra3 64. Kf4 Ra2 65. Rd4 Kf7 66. Rb4 Rf2+
67. Kg3 Re2 68. Kf3 Ra2 69. Nd5 Ra5 70. Nc7 Bc6 71. Rc4 Bb7 72. Rb4 Bc6 73. Rd4
Ra7 74. Nd5 Ra5 75. Kf4 Ra1 76. Rc4 Rf1+ 77. Ke3 Bb5 78. Rc7+ Kg6 79. Nf4+ Kg5
80. Rg7+ Kh4 81. Nd5 Bc6 82. Kd4 Rd1+ 83. Kc5 Rc1+ 84. Kd6 Rc4 85. Rf7 Kxg4 86.
Ne3+ 1-0

[Event "44th Sparkassen Open"]
[Site "Dortmund GER"]
[Date "2016.07.16"]
[Round "8.30"]
[White "Knudsen, Simon"]
[Black "Dyballa, Gerhard"]
[Result "1-0"]
[WhiteElo "1873"]
[BlackElo "1966"]
[WhiteFideId "12985546"]
[BlackFideId "4645189"]
[EventDate "2016.07.09"]

1. e4 e6 2. d4 d5 3. Nd2 c5 4. exd5 exd5 5. Ngf3 Nc6 6. Bb5 Bd6 7. dxc5 Bxc5 8.
O-O Ne7 9. Nb3 Bd6 10. Nbd4 O-O 11. Be3 Bg4 12. Be2 Rc8 13. c3 a6 14. h3 Bxf3
15. Bxf3 Ne5 16. Bg5 Qd7 17. Bxe7 Bxe7 18. Re1 Nxf3+ 19. Qxf3 Bf6 20. Rad1 Rfe8
21. Rxe8+ Rxe8 22. Nf5 Qa4 23. Nd6 Re5 24. g3 Qxa2 25. Qg4 Re6 26. Nxb7 Qxb2 27.
Nc5 Re8 28. Qd7 Rd8 29. Re1 h6 30. Re8+ Rxe8 31. Qxe8+ Kh7 32. Nd7 Kg6 33. Nf8+
Kf5 34. g4+ Kg5 35. Qe3+ Kh4 36. Qg3+ 1-0

[Event "44th Sparkassen Open"]
[Site "Dortmund GER"]
[Date "2016.07.16"]
[Round "8.31"]
[White "Phunhon Lopez, Daniel Alejandro"]
[Black "Biermann, Florian"]
[Result "1-0"]
[WhiteElo "1958"]
[BlackElo "1924"]
[WhiteFideId "12952567"]
[BlackFideId "12970069"]
[EventDate "2016.07.09"]

1. e4 c5 2. Nc3 e6 3. Nf3 a6 4. a4 b6 5. d4 cxd4 6. Nxd4 Qc7 7. Qf3 Bb7 8. Be3
Bb4 9. Bd2 Nf6 10. Bd3 Nc6 11. Nde2 Ne5 12. Qg3 O-O 13. O-O Bd6 14. f4 Nc4 15.
Bc1 Be7 16. Qh3 e5 17. b3 Nd6 18. fxe5 Qc5+ 19. Be3 Qxe5 20. Bd4 Qh5 21. e5 1-0

[Event "44th Sparkassen Open"]
[Site "Dortmund GER"]
[Date "2016.07.16"]
[Round "8.32"]
[White "Althoff, Ralph"]
[Black "Geerling, Anton"]
[Result "1-0"]
[WhiteElo "2122"]
[BlackElo "2008"]
[WhiteFideId "4623177"]
[BlackFideId "12976733"]
[EventDate "2016.07.09"]

1. e4 e5 2. Nf3 Nc6 3. Bb5 a6 4. Ba4 Nf6 5. O-O Be7 6. Re1 b5 7. Bb3 O-O 8. h3
Bb7 9. d3 d6 10. c3 h6 11. Nbd2 Na5 12. Bc2 c5 13. Nf1 Re8 14. Ng3 Bf8 15. a4
Nc6 16. d4 cxd4 17. cxd4 d5 18. dxe5 dxe4 19. exf6 Qxd1 20. Rxd1 exf3 21. fxg7
Bxg7 22. Nf5 Nb4 23. Bb3 Re2 24. Nxg7 Kxg7 25. Rd7 Bc6 26. Rxf7+ Kg6 27. g4 Re1+
28. Kh2 Rf1 29. Kg3 Rg1+ 30. Kh4 Re8 31. axb5 axb5 32. Bd2 Rxa1 33. Bc3 Rg8 34.
Rf6+ Kh7 35. Rf7+ Kg6 36. Rf6+ Kh7 37. Bxg8+ Kxg8 38. Bxb4 Bd5 39. Rd6 Bc4 40.
Rxh6 Rd1 41. Rf6 Be2 42. Bc5 Rh1 43. b4 Kg7 44. g5 Kh7 45. Bf8 Rg1 46. Kh5 Bd3
47. Bd6 Rc1 48. g6+ Kg7 49. Rf7+ Kg8 50. Kh6 Rc8 51. Rg7+ Kh8 52. Be5 1-0

[Event "44th Sparkassen Open"]
[Site "Dortmund GER"]
[Date "2016.07.16"]
[Round "8.33"]
[White "Kiehn, Andreas"]
[Black "Garbuz, Vitaliy"]
[Result "1-0"]
[WhiteElo "1926"]
[BlackElo "1907"]
[WhiteFideId "12922250"]
[BlackFideId "12990710"]
[EventDate "2016.07.09"]

1. d4 d5 2. c4 c6 3. Nf3 e6 4. Nc3 Nf6 5. Bg5 dxc4 6. e4 b5 7. e5 h6 8. Bh4 g5
9. Nxg5 hxg5 10. Bxg5 Nbd7 11. exf6 Bb7 12. g3 c5 13. d5 Qb6 14. Bg2 O-O-O 15.
O-O b4 16. Na4 Qb5 17. a3 Nb6 18. Nxb6+ axb6 19. a4 Qa6 20. Qg4 Bxd5 21. Rfd1
Bxg2 22. Rxd8+ Kxd8 23. Kxg2 Bd6 24. Bf4 e5 25. Qg7 Re8 26. Rd1 Qb7+ 27. f3 Qc7
28. Bxe5 Rxe5 29. Qf8+ Kd7 30. Qxf7+ Kc6 31. Qxc4 Qd8 32. f4 Re3 33. Qd5+ Kc7
34. f7 Qe7 35. Qxd6+ 1-0

[Event "44th Sparkassen Open"]
[Site "Dortmund GER"]
[Date "2016.07.17"]
[Round "9.1"]
[White "Pap, Misa"]
[Black "Zatonskih, V."]
[Result "1/2-1/2"]
[WhiteTitle "GM"]
[BlackTitle "FM"]
[WhiteElo "2487"]
[BlackElo "2329"]
[WhiteFideId "921610"]
[BlackFideId "14102161"]
[EventDate "2016.07.09"]

1. e4 c5 2. Nf3 d6 3. d4 cxd4 4. Nxd4 Nf6 5. Nc3 e5 6. Bb5+ Nbd7 7. Nf5 a6 8.
Ba4 b5 9. Bb3 Nb6 10. Bg5 Bxf5 11. exf5 Be7 12. Bxf6 Bxf6 13. a4 O-O 14. O-O
bxa4 15. Nxa4 e4 16. c3 Rb8 17. Qc2 Nxa4 18. Rxa4 Qb6 19. Rb4 Qc6 20. Ba4 Qd5
21. Rd1 Qxf5 22. Rxb8 Rxb8 23. Bc6 Qe5 24. Bxe4 g6 25. Rd5 Qe7 26. g3 Kg7 27.
Rd2 Re8 28. Bc6 Rc8 29. Re2 Qa7 30. Bd5 Qc5 31. Qb3 Qb5 32. Qd1 a5 33. Bb3 Be5
34. Rd2 Rb8 35. Qg4 Rb7 36. Bd5 Re7 37. Kg2 h5 38. Qf3 a4 39. h4 a3 40. bxa3 Qa4
41. c4 1/2-1/2

[Event "44th Sparkassen Open"]
[Site "Dortmund GER"]
[Date "2016.07.17"]
[Round "9.2"]
[White "Schmittdiel, Eckhard"]
[Black "Dann, Matthias"]
[Result "1-0"]
[WhiteTitle "GM"]
[BlackTitle "IM"]
[WhiteElo "2449"]
[BlackElo "2482"]
[WhiteFideId "4600096"]
[BlackFideId "24638056"]
[EventDate "2016.07.09"]

1. e4 c5 2. Nf3 d6 3. Bb5+ Nd7 4. c3 Nf6 5. Qe2 a6 6. Ba4 b5 7. Bc2 Bb7 8. d4
cxd4 9. cxd4 Rc8 10. O-O e6 11. a3 Rxc2 12. Qxc2 Bxe4 13. Qe2 Be7 14. Nc3 Bb7
15. Re1 O-O 16. Bg5 h6 17. Bh4 Qa8 18. Rac1 Re8 19. Qd3 Bf8 20. Bxf6 Nxf6 21.
Ne2 Nd5 22. Nd2 f5 23. Nb3 Nb6 24. Nf4 e5 25. Nh5 Be4 26. Qg3 Re6 27. dxe5 Kh8
28. Nf4 Rxe5 29. Ng6+ Kh7 30. Nxe5 dxe5 31. Nc5 f4 32. Qg4 Bg6 33. Qe6 Nc4 34.
Nd7 Qd8 35. h4 f3 36. h5 Bd3 37. Rc3 Be2 38. Qf5+ Kg8 39. Qxf8+ Qxf8 40. Nxf8 1-0

[Event "44th Sparkassen Open"]
[Site "Dortmund GER"]
[Date "2016.07.17"]
[Round "9.3"]
[White "Hausrath, Daniel"]
[Black "Pajeken, Wolfgang"]
[Result "1-0"]
[WhiteTitle "GM"]
[BlackTitle "FM"]
[WhiteElo "2483"]
[BlackElo "2289"]
[WhiteFideId "4617495"]
[BlackFideId "4622170"]
[EventDate "2016.07.09"]

1. Nf3 d5 2. g3 g6 3. Bg2 Bg7 4. d4 Nf6 5. O-O O-O 6. Be3 c6 7. Qc1 Re8 8. Bh6
Bh8 9. c4 Bf5 10. Rd1 Nbd7 11. Nc3 dxc4 12. h3 Nd5 13. Ng5 Nxc3 14. bxc3 Nf6 15.
e4 Be6 16. Rb1 b5 17. Nxe6 fxe6 18. h4 Bg7 19. h5 Nxh5 20. e5 Bxh6 21. Qxh6 Rc8
22. g4 Ng7 23. Be4 Rf8 24. Kg2 Rf7 25. Rh1 Nf5 26. gxf5 exf5 27. e6 Rg7 28. Bf3
g5 29. Kg1 g4 30. Bg2 Qd6 31. Rh5 Rf8 32. Rg5 Rxg5 33. Qxg5+ Kh8 34. Re1 f4 35.
Qh6 Rf6 36. Qxf6+ 1-0

[Event "44th Sparkassen Open"]
[Site "Dortmund GER"]
[Date "2016.07.17"]
[Round "9.4"]
[White "Sorokin, Aleksey"]
[Black "Wiebe, Patrick"]
[Result "1-0"]
[WhiteTitle "FM"]
[WhiteElo "2413"]
[BlackElo "2187"]
[WhiteFideId "24176460"]
[BlackFideId "4684079"]
[EventDate "2016.07.09"]

1. d4 d5 2. c4 c6 3. Nf3 Nf6 4. e3 Bf5 5. Nc3 e6 6. Nh4 Bg6 7. Nxg6 hxg6 8. Bd3
Nbd7 9. O-O Qc7 10. h3 O-O-O 11. c5 g5 12. f4 gxf4 13. exf4 Nh5 14. b4 Ng3 15.
Rf3 Nf5 16. Bxf5 exf5 17. b5 Re8 18. Bd2 Nb8 19. Rb1 g6 20. bxc6 bxc6 21. Qa4
Bg7 22. Nxd5 cxd5 23. Ba5 Bxd4+ 24. Kh1 Qxc5 25. Bd2 Nc6 26. Qa6+ Kd8 27. Rc1
Qxc1+ 28. Bxc1 Re1+ 29. Rf1 Rhe8 30. Bd2 Rxf1+ 31. Qxf1 Kd7 32. Qb5 Kd6 33. Bb4+
Kc7 34. Qxd5 Rd8 35. Qxf7+ Rd7 36. Qb3 Bb6 37. Be1 Re7 38. Bh4 Rh7 39. Bf6 Kb7
40. Qe6 Bc7 41. Bg5 Rg7 42. Kh2 a5 43. a4 Nd4 44. Qf6 Rd7 45. Qxg6 Rd5 46. Qe8
Rc5 47. h4 Rc2 48. Qe3 Bb6 49. h5 Re2 50. Qd3 Re4 51. h6 Ne2 52. h7 Bg1+ 53. Kh3
Bd4 54. Qxd4 1-0

[Event "44th Sparkassen Open"]
[Site "Dortmund GER"]
[Date "2016.07.17"]
[Round "9.6"]
[White "Liard, Thibaud"]
[Black "Podzielny, Karl-Heinz"]
[Result "0-1"]
[BlackTitle "IM"]
[WhiteElo "2183"]
[BlackElo "2400"]
[WhiteFideId "649775"]
[BlackFideId "4600215"]
[EventDate "2016.07.09"]

1. d4 Nf6 2. c4 d6 3. Nf3 Nbd7 4. Nc3 e5 5. e3 g6 6. Be2 Bg7 7. O-O O-O 8. b4
exd4 9. exd4 d5 10. Bg5 h6 11. Bh4 dxc4 12. Bxc4 Nb6 13. Bb3 Bg4 14. Rc1 c6 15.
b5 cxb5 16. Nxb5 a6 17. Nc3 Rc8 18. d5 Qd6 19. h3 Bd7 20. Qd3 Bf5 21. Qd1 Qb4
22. Qd4 Qxd4 23. Nxd4 Bd7 24. Nf3 Rfe8 25. d6 g5 26. Bg3 Nh5 27. Nd5 Nxg3 28.
fxg3 Nxd5 29. Bxd5 b5 30. Nd2 Rxc1 31. Rxc1 Bd4+ 32. Kh2 Bb6 33. Rf1 Be6 34. Ne4
Kg7 35. Nf6 Rd8 36. Bxe6 fxe6 37. Nh5+ Kg8 38. d7 Bd4 39. Nf6+ Kg7 40. Nh5+ Kg6
41. g4 Rxd7 42. Rc1 Rd6 43. Rc8 a5 44. Ra8 a4 45. a3 Bb2 46. g3 Bxa3 47. Rg8+
Kf7 48. Rg7+ Kf8 49. Rb7 b4 50. Nf6 b3 51. Ne4 Rd1 52. Nc3 Bb2 53. Nxa4 Ra1 54.
Rxb3 Ra2 55. Rb7 Bd4+ 56. Kh1 e5 57. Rh7 e4 58. Rxh6 Kf7 59. Rh7+ Ke6 60. Rh6+
Kd5 0-1

[Event "44th Sparkassen Open"]
[Site "Dortmund GER"]
[Date "2016.07.17"]
[Round "9.7"]
[White "Hecht, Carsten"]
[Black "Boehm, Juergen2"]
[Result "1/2-1/2"]
[WhiteElo "2242"]
[BlackElo "2176"]
[WhiteFideId "24693928"]
[BlackFideId "4606434"]
[EventDate "2016.07.09"]

1. e4 e6 2. d4 d5 3. Nc3 Bb4 4. e5 c5 5. Qg4 Ne7 6. dxc5 Nbc6 7. Bd2 d4 8. Ne4
Bxd2+ 9. Nxd2 O-O 10. Ngf3 Ng6 11. Nc4 Qd5 12. Qh5 Qxc5 13. Bd3 h6 14. O-O Nf4
15. Qh4 Nxd3 16. cxd3 b5 1/2-1/2

[Event "44th Sparkassen Open"]
[Site "Dortmund GER"]
[Date "2016.07.17"]
[Round "9.8"]
[White "Schulze, Marc"]
[Black "Ries, Benjamin"]
[Result "1-0"]
[WhiteElo "2099"]
[BlackElo "2173"]
[WhiteFideId "1271126"]
[BlackFideId "4663802"]
[EventDate "2016.07.09"]

1. d4 d5 2. Bf4 Nf6 3. Nf3 c5 4. e3 Nc6 5. c3 Qb6 6. Qb3 c4 7. Qc2 Bf5 8. Qc1 e6
9. Nbd2 Be7 10. h3 h6 11. Be2 O-O 12. b3 Qa5 13. a4 cxb3 14. Nxb3 Qb6 15. Nfd2
Rfc8 16. a5 Qd8 17. Qb2 Ne4 18. Nxe4 Bxe4 19. O-O g5 20. Bh2 Nb4 21. Ra4 Qd7 22.
Raa1 Nc2 23. Ra2 Qc6 24. Nd2 Qxc3 25. Nxe4 dxe4 26. Qxb7 Bf6 27. Rc1 Nxd4 28.
Rxc3 Nxe2+ 29. Rxe2 Bxc3 30. Qxe4 Bxa5 31. Be5 Rc1+ 32. Kh2 Rac8 33. Bd4 R8c4
34. g3 Bc3 35. Rc2 Bxd4 36. Rxc4 Rxc4 37. exd4 Ra4 38. Qe5 Ra6 39. Qf6 Rd6 40.
Qxh6 Rd5 41. Qf6 a5 42. Qe7 Kg7 43. Qa7 Kg6 44. g4 Rb5 45. Kg3 Kf6 46. f3 Kg6
47. h4 gxh4+ 48. Kxh4 Kf6 49. f4 Rd5 50. Qb8 Ke7 51. Qa7+ Kf6 52. Qc7 Kg6 53.
f5+ Kf6 54. fxe6 Kxe6 55. Qc6+ Rd6 56. Qe8+ 1-0

[Event "44th Sparkassen Open"]
[Site "Dortmund GER"]
[Date "2016.07.17"]
[Round "9.9"]
[White "Eckardt, Joshua"]
[Black "Wickenfeld, Stefan"]
[Result "1-0"]
[WhiteElo "2133"]
[BlackElo "2231"]
[WhiteFideId "12941646"]
[BlackFideId "4622790"]
[EventDate "2016.07.09"]

1. d4 d5 2. c4 c6 3. Nf3 Nf6 4. Nc3 e6 5. g3 Be7 6. Bg2 O-O 7. O-O Nbd7 8. Nd2
b6 9. e4 dxe4 10. Ndxe4 Bb7 11. Be3 Nxe4 12. Nxe4 c5 13. dxc5 Bxc5 14. Bxc5 bxc5
15. Qc2 Qb6 16. Rfd1 Rfd8 17. f4 Rab8 18. b3 Bxe4 19. Bxe4 Nf6 20. Bf3 a5 21.
Rxd8+ Rxd8 22. Rd1 Rd6 23. Kf2 Kf8 24. Ke3 Ke7 25. g4 Rxd1 26. Qxd1 Qb4 27. Kd3
Nd7 28. Qa1 f6 29. Bc6 Nf8 30. Bb5 Ng6 31. Qc1 e5 32. Kc2 a4 33. f5 Nf4 34. Qd1
axb3+ 35. axb3 g6 36. Qd7+ Kf8 37. g5 fxg5 38. f6 1-0

[Event "44th Sparkassen Open"]
[Site "Dortmund GER"]
[Date "2016.07.17"]
[Round "9.10"]
[White "Wicht, Juergen"]
[Black "Heinert, Eugen"]
[Result "0-1"]
[WhiteTitle "CM"]
[WhiteElo "2221"]
[BlackElo "2171"]
[WhiteFideId "4639197"]
[BlackFideId "24621390"]
[EventDate "2016.07.09"]

1. d4 d5 2. Nf3 Nf6 3. g3 Bf5 4. Bg2 e6 5. O-O h6 6. c4 c6 7. Nc3 Nbd7 8. Bf4
Be7 9. a3 Ne4 10. Nd2 Nxd2 11. Qxd2 Nb6 12. b3 g5 13. Be3 dxc4 14. b4 Nd5 15.
Nxd5 cxd5 16. f3 Qd7 17. Bf2 O-O-O 18. e4 Bg6 19. a4 Kb8 20. Rfe1 Bf6 21. e5 Be7
22. Be3 Rc8 23. Qc3 Qe8 24. Ra2 Bf5 25. Rf1 Qf8 26. Rb2 Qg7 27. Rbf2 h5 28. h3
Bd3 29. Ra1 g4 30. Bf4 Rcg8 31. Bf1 Bf5 32. Kh2 h4 33. fxg4 Bxg4 34. Ra3 Ka8 35.
Bg2 Qh7 36. gxh4 Bxh4 37. Rb2 Be7 38. Qd2 Qg6 39. Qf2 a5 40. Bd2 Bh4 41. Qe3 Bf5
42. Be1 Bg5 43. Qf2 Bc1 44. Rg3 Qxg3+ 45. Qxg3 Rxg3 0-1

[Event "44th Sparkassen Open"]
[Site "Dortmund GER"]
[Date "2016.07.17"]
[Round "9.11"]
[White "Zolfagharian, Kevin"]
[Black "Torres-Kuckel, Rafael"]
[Result "0-1"]
[BlackTitle "FM"]
[WhiteElo "2130"]
[BlackElo "2191"]
[WhiteFideId "12933570"]
[BlackFideId "4625072"]
[EventDate "2016.07.09"]

1. e4 d6 2. d4 Nf6 3. Nc3 Nbd7 4. Nf3 e5 5. Be3 Be7 6. h3 c6 7. Qd2 O-O 8. Bd3
b5 9. a3 Re8 10. O-O Bf8 11. Rfe1 Bb7 12. Bg5 h6 13. Bh4 Qb6 14. d5 a6 15. Bf1
Rac8 16. Rad1 cxd5 17. exd5 Rc5 18. b4 Rc7 19. a4 Rec8 20. a5 Qa7 21. Re3 Nh5
22. Bxb5 axb5 23. Nxb5 Qb8 24. Nxc7 Qxc7 25. c3 f5 26. Rde1 Qc4 27. Qe2 f4 28.
Qxc4 Rxc4 29. Rd3 g5 30. Nd2 Rc8 31. c4 Nhf6 32. f3 gxh4 33. Rb1 Be7 34. b5 Bd8
35. Ra3 Kf7 36. Kf1 Nh5 37. Ke2 Ng3+ 38. Kd3 Nf5 39. Ne4 Ke7 40. Rb2 Ne3 41. Ra4
Nf5 42. Ra3 Ng3 43. Nf2 e4+ 44. Nxe4 0-1

[Event "44th Sparkassen Open"]
[Site "Dortmund GER"]
[Date "2016.07.17"]
[Round "9.12"]
[White "Meyers, Mark"]
[Black "Ciornei, Dragos"]
[Result "1-0"]
[WhiteElo "2074"]
[BlackElo "2183"]
[WhiteFideId "12927716"]
[BlackFideId "4619200"]
[EventDate "2016.07.09"]

1. c4 Nf6 2. g3 g6 3. Bg2 Bg7 4. Nc3 O-O 5. Nf3 d6 6. O-O e5 7. d4 Nbd7 8. e4
exd4 9. Nxd4 Re8 10. Re1 c6 11. h3 a5 12. f4 Nc5 13. Kh2 Nfd7 14. Be3 a4 15. Rb1
Qa5 16. Nde2 f5 17. Bd4 fxe4 18. Bxg7 Kxg7 19. Qxd6 Nd3 20. Qd4+ Kg8 21. Red1
Qc5 22. Nxe4 Qxd4 23. Nxd4 N3c5 24. Nd6 Rd8 25. Bxc6 bxc6 26. Nxc6 Rf8 27. Nxc8
Rfxc8 28. Ne7+ Kf7 29. Nxc8 Rxc8 30. b4 axb3 31. axb3 Nf6 32. b4 Nce4 33. Rd4
Ra8 34. Rb2 Ra3 35. g4 Ng3 36. b5 h5 37. g5 Nfe4 38. b6 Nf1+ 39. Kg1 Ra1 40.
Rxe4 Nd2+ 41. Kg2 Nxe4 42. b7 1-0